[Event "Muensterland Regionalliga playoff 9-12"]
[Site "Germany"]
[Date "2023.05.06"]
[Round "2.3"]
[White "Liesmann, Karsten"]
[Black "Loedding, Detlef"]
[Result "1-0"]
[WhiteElo "1996"]
[BlackElo "1884"]
[PlyCount "65"]
[EventDate "2022.03.18"]
[EventType "team-k.o."]
[EventRounds "2"]
[EventCountry "GER"]
[SourceTitle "EXT 2024"]
[Source "ChessBase"]
[SourceDate "2023.10.10"]
[SourceVersion "1"]
[SourceVersionDate "2023.10.10"]
[SourceQuality "1"]
[WhiteTeam "Bocholt"]
[BlackTeam "Duelmen"]
[WhiteTeamCountry "GER"]
[BlackTeamCountry "GER"]

1. d4 Nf6 2. Nf3 g6 3. Nc3 d5 4. Bf4 c6 5. e3 Bg7 6. Be2 b5 7. a3 a5 8. Ne5 Qb6 9. h3 e6 10. h4 h5 11. g4 a4 12. Bg5 hxg4 13. Nxg4 Nfd7 14. Bf4 b4 15. axb4 Qxb4 16. Qd2 f5 17. Ne5 Nxe5 18. dxe5 Nd7 19. Qd4 Rb8 20. Qxb4 Rxb4 21. Nxa4 Bxe5 22. c3 Rb8 23. Bxe5 Nxe5 24. b4 Nd7 25. f4 Ke7 26. Kf2 Kf6 27. Ra3 Ra8 28. Kg3 Ba6 29. Bf3 Bb5 30. Rha1 Bxa4 31. Rxa4 Nb6 32. Ra6 Rhb8 33. Rxb6 1-0

[Event "Muensterland Regionalliga playoff 9-12"]
[Site "Germany"]
[Date "2023.03.18"]
[Round "1.2"]
[White "Bernink, Henk"]
[Black "Loedding, Detlef"]
[Result "1/2-1/2"]
[WhiteElo "1960"]
[BlackElo "1884"]
[PlyCount "45"]
[EventDate "2022.03.18"]
[EventType "team-k.o."]
[EventRounds "2"]
[EventCountry "GER"]
[SourceTitle "EXT 2024"]
[Source "ChessBase"]
[SourceDate "2023.10.10"]
[SourceVersion "1"]
[SourceVersionDate "2023.10.10"]
[SourceQuality "1"]
[WhiteTeam "Metelen"]
[BlackTeam "Duelmen"]
[WhiteTeamCountry "GER"]
[BlackTeamCountry "GER"]

1. d4 Nf6 2. c4 e6 3. Nc3 Bb4 4. e3 0-0 5. Bd3 d5 6. Nf3 c5 7. 0-0 cxd4 8. exd4 dxc4 9. Bxc4 Nbd7 10. Qd3 Nb6 11. Bb3 Be7 12. Bc2 Nbd5 13. a3 Nxc3 14. bxc3 g6 15. Ne5 Qc7 16. c4 b6 17. Bb2 Bb7 18. Rfe1 Rfd8 19. Qh3 Bd6 20. d5 exd5 21. Nxg6 fxg6 22. Qe6+ Qf7 23. Qxf6 1/2-1/2

[Event "Muensterland Regionalliga Gr2 2223"]
[Site "Germany"]
[Date "2022.11.05"]
[Round "3.3"]
[White "Farwick, Christian"]
[Black "Loedding, Detlef"]
[Result "1/2-1/2"]
[WhiteElo "1890"]
[BlackElo "1916"]
[PlyCount "68"]
[EventDate "2022.09.03"]
[EventType "team-tourn"]
[EventRounds "5"]
[EventCountry "GER"]
[SourceTitle "EXT 2024"]
[Source "ChessBase"]
[SourceDate "2023.10.10"]
[SourceVersion "1"]
[SourceVersionDate "2023.10.10"]
[SourceQuality "1"]
[WhiteTeam "Borken"]
[BlackTeam "Duelmen"]
[WhiteTeamCountry "GER"]
[BlackTeamCountry "GER"]

1. d4 Nf6 2. Bf4 g6 3. e3 Bg7 4. Nd2 d6 5. c3 0-0 6. Ngf3 Nbd7 7. Qc2 Re8 8. Bc4 c6 9. h3 b5 10. Be2 Qb6 11. 0-0 Bb7 12. a4 e5 13. dxe5 dxe5 14. Bh2 a6 15. Rfd1 Rac8 16. Ne4 Nxe4 17. Rxd7 Nc5 18. a5 Qa7 19. Rd2 Qb8 20. Rad1 Re7 21. b4 Na4 22. Rd7 Rce8 23. c4 Qc8 24. Rxe7 Rxe7 25. c5 Qe8 26. Qd2 h6 27. e4 Bc8 28. Qc1 Rd7 29. Kf1 Qe6 30. Rxd7 Bxd7 31. Qd2 g5 32. Ne1 f6 33. Bg4 Qc4+ 34. Be2 Qe6 1/2-1/2

[Event "Muensterland Regionalliga 1920"]
[Site "Germany"]
[Date "2020.02.01"]
[Round "6.4"]
[White "Schulz, Joachim"]
[Black "Loedding, Detlef"]
[Result "1/2-1/2"]
[WhiteElo "1896"]
[BlackElo "1890"]
[PlyCount "50"]
[EventDate "2019.09.07"]
[EventType "team-tourn"]
[EventRounds "7"]
[EventCountry "GER"]
[SourceTitle "EXT 2023"]
[Source "ChessBase"]
[SourceDate "2022.10.05"]
[SourceVersion "1"]
[SourceVersionDate "2022.10.05"]
[SourceQuality "1"]
[WhiteTeam "Steinfurt"]
[BlackTeam "Duelmen"]
[WhiteTeamCountry "GER"]
[BlackTeamCountry "GER"]

1. Nc3 c5 2. e4 Nc6 3. d3 e6 4. f4 d5 5. Nf3 Nge7 6. g3 g6 7. Bg2 Bg7 8. Bd2 Rb8 9. a4 a6 10. 0-0 0-0 11. e5 Nf5 12. g4 Nfd4 13. Ne2 f6 14. exf6 Bxf6 15. c3 Nxf3+ 16. Bxf3 b5 17. axb5 Rxb5 18. Qc2 Rb8 19. Ng3 Qb6 20. Bc1 Na5 21. f5 Nb3 22. Rb1 Nxc1 23. Qxc1 Qc7 24. Ra1 Be5 25. Kg2 Bf4 1/2-1/2

[Event "Muensterland Regionalliga 1920"]
[Site "Germany"]
[Date "2019.09.07"]
[Round "1.4"]
[White "Diehlmann, Christian"]
[Black "Loedding, Detlef"]
[Result "1/2-1/2"]
[WhiteElo "1936"]
[BlackElo "1890"]
[PlyCount "38"]
[EventDate "2019.09.07"]
[EventType "team-tourn"]
[EventRounds "7"]
[EventCountry "GER"]
[SourceTitle "EXT 2023"]
[Source "ChessBase"]
[SourceDate "2022.10.05"]
[SourceVersion "1"]
[SourceVersionDate "2022.10.05"]
[SourceQuality "1"]
[WhiteTeam "Ahaus Wessum"]
[BlackTeam "Duelmen"]
[WhiteTeamCountry "GER"]
[BlackTeamCountry "GER"]

1. d4 Nf6 2. Nf3 e6 3. Bg5 d5 4. e3 h6 5. Bh4 Be7 6. Bd3 Nbd7 7. 0-0 c5 8. c3 0-0 9. dxc5 Nxc5 10. Bc2 b6 11. Nbd2 Ba6 12. Re1 Nd3 13. Bxd3 Bxd3 14. Ne5 Bb5 15. Qb3 Qe8 16. a4 Ba6 17. a5 b5 18. f4 Rc8 19. Nd3 Nd7 1/2-1/2

[Event "Muensterland Verbandsliga 1718"]
[Site "Germany"]
[Date "2018.02.10"]
[Round "6.5"]
[White "Loedding, Detlef"]
[Black "Janning, Rainer"]
[Result "1/2-1/2"]
[WhiteElo "1862"]
[BlackElo "1901"]
[PlyCount "108"]
[EventDate "2017.09.09"]
[EventType "team-tourn"]
[EventRounds "9"]
[EventCountry "GER"]
[SourceTitle "EXT 2019"]
[Source "ChessBase"]
[SourceDate "2018.10.10"]
[SourceVersion "1"]
[SourceVersionDate "2018.10.10"]
[SourceQuality "1"]
[WhiteTeam "Duelmen"]
[BlackTeam "Steinfurt"]
[WhiteTeamCountry "GER"]
[BlackTeamCountry "GER"]

1. c4 e6 2. g3 f5 3. Bg2 Nf6 4. Nf3 c6 5. 0-0 d5 6. b3 Bd6 7. Bb2 0-0 8. d3 f4 9. Nbd2 Nbd7 10. e4 fxe3 11. fxe3 Ng4 12. Qe2 Qe7 13. e4 dxc4 14. Nxc4 Bc7 15. Nh4 Nxh2 16. Rxf8+ Nxf8 17. e5 g5 18. Nf3 Nxf3+ 19. Bxf3 Bd7 20. Ne3 Be8 21. Ng4 Nd7 22. Kg2 Bg6 23. Rh1 Rf8 24. Be4 Qe8 25. Qe3 Bxe4+ 26. dxe4 Qg6 27. Rh6 Qg7 28. Rh5 Kh8 29. Rxg5 Qf7 30. Qe2 Qe7 31. Rh5 Rg8 32. Rh3 Rg7 33. Nf2 Bxe5 34. Nd3 Bxb2 35. Nxb2 Qf6 36. Nc4 Ne5 37. Nxe5 Qxe5 38. Kh2 Rd7 39. Rh5 Qf6 40. Rh4 Qg5 41. Qf3 Rg7 42. Qf4 Qxf4 43. Rxf4 Kg8 44. Kg2 Rf7 45. Rg4+ Kf8 46. a4 Ke7 47. e5 Kf8 48. Rd4 Ke7 49. g4 Rf8 50. a5 Rd8 51. Rb4 Rd7 52. Kf3 Kd8 53. Kf4 Rg7 54. Rd4+ Kc7 1/2-1/2

[Event "Muensterland Regionalliga 1617"]
[Site "Germany"]
[Date "2016.09.17"]
[Round "1.5"]
[White "Naumann, Felix"]
[Black "Loedding, Detlef"]
[Result "1-0"]
[WhiteElo "1812"]
[BlackElo "1881"]
[PlyCount "73"]
[EventDate "2016.09.17"]
[EventType "team"]
[EventRounds "9"]
[EventCountry "GER"]
[SourceTitle "EXT 2018"]
[Source "ChessBase"]
[SourceDate "2017.10.13"]
[SourceVersion "1"]
[SourceVersionDate "2017.10.13"]
[SourceQuality "1"]
[WhiteTeam "Bocholt"]
[BlackTeam "Duelmen"]
[WhiteTeamCountry "GER"]
[BlackTeamCountry "GER"]

1. d4 Nf6 2. Nf3 g6 3. Bf4 Bg7 4. e3 d6 5. Nbd2 Nh5 6. Bg5 c5 7. c3 h6 8. Bh4 g5 9. Bg3 g4 10. Nh4 cxd4 11. exd4 Nxg3 12. hxg3 h5 13. Qc2 e6 14. Bd3 Nc6 15. 0-0-0 Ne7 16. Rde1 Bd7 17. Kb1 Rc8 18. Nb3 a5 19. Qe2 a4 20. Nd2 Bc6 21. a3 Kf8 22. f3 gxf3 23. Nhxf3 Nd5 24. Ne4 Nf6 25. Nfg5 Bxe4 26. Nxe4 Nxe4 27. Qxe4 Qb6 28. Rc1 d5 29. Qf3 Rh6 30. Rhf1 Rc7 31. Qf4 Rf6 32. Qg5 e5 33. dxe5 Re6 34. Qd8+ Re8 35. Rxf7+ Kxf7 36. Rf1+ Ke6 37. Qxe8+ 1-0

[Event "Muensterland Regionalliga 1516"]
[Site "Germany"]
[Date "2016.02.27"]
[Round "7.7"]
[White "Loedding, Detlef"]
[Black "Reckzuegel, Philipp"]
[Result "0-1"]
[WhiteElo "1865"]
[BlackElo "1890"]
[PlyCount "82"]
[EventDate "2015.09.05"]
[EventType "team"]
[EventRounds "9"]
[EventCountry "GER"]
[SourceTitle "EXT 2017"]
[Source "ChessBase"]
[SourceDate "2016.10.25"]
[SourceVersion "1"]
[SourceVersionDate "2016.10.25"]
[SourceQuality "1"]
[WhiteTeam "Duelmen"]
[BlackTeam "Gronau"]
[WhiteTeamCountry "GER"]
[BlackTeamCountry "GER"]

1. g3 Nf6 2. Bg2 d5 3. Nf3 e6 4. 0-0 Bd6 5. d4 0-0 6. c4 b6 7. cxd5 exd5 8. Nc3 c6 9. b3 Re8 10. Bb2 Nbd7 11. e3 Ba6 12. Re1 Rc8 13. Rc1 Qe7 14. Bf1 Bxf1 15. Rxf1 Ne4 16. Nxe4 dxe4 17. Nd2 b5 18. Kg2 Nf6 19. Nb1 Nd5 20. a3 a5 21. Qd2 Qf6 22. f4 exf3+ 23. Rxf3 Qg5 24. Re1 b4 25. a4 Re4 26. Qf2 Rce8 27. Bc1 f6 28. Kh1 h5 29. Rf5 Qg4 30. Kg2 h4 31. Bd2 hxg3 32. hxg3 Bxg3 33. Qxg3 Qxf5 34. Qf3 Qxf3+ 35. Kxf3 g5 36. Rc1 R8e6 37. Rc5 Nxe3 38. Rxa5 Rf4+ 39. Kg3 Nf1+ 40. Kh3 Nxd2 41. Nxd2 Re3+ 0-1

[Event "Muensterland Regionalliga 1415"]
[Site "Germany"]
[Date "2015.04.25"]
[Round "8.7"]
[White "Loedding, Detlef"]
[Black "Tuente, Marcel"]
[Result "1/2-1/2"]
[WhiteElo "1894"]
[BlackElo "1674"]
[PlyCount "93"]
[EventDate "2014.09.20"]
[EventType "team-tourn"]
[EventRounds "9"]
[EventCountry "GER"]
[SourceTitle "EXT 2016"]
[Source "ChessBase"]
[SourceDate "2015.10.08"]
[SourceVersion "1"]
[SourceVersionDate "2015.10.08"]
[SourceQuality "1"]
[WhiteTeam "Duelmen"]
[BlackTeam "Raesfeld Erle"]
[WhiteTeamCountry "GER"]
[BlackTeamCountry "GER"]

1. e4 e5 2. Nf3 Nc6 3. c3 Bc5 4. d4 exd4 5. cxd4 Bb4+ 6. Nc3 d5 7. e5 Nge7 8. a3 Bxc3+ 9. bxc3 Nf5 10. Bd3 h6 11. 0-0 0-0 12. Re1 Be6 13. Qc2 Qd7 14. Kh1 Nfe7 15. Nh4 g5 16. Nf3 Bf5 17. h4 g4 18. Nh2 Kg7 19. h5 Qe6 20. Kg1 Rg8 21. Bxf5 Nxf5 22. g3 Nfe7 23. Qd2 Rh8 24. Qf4 Qf5 25. Qxf5 Nxf5 26. Nxg4 Na5 27. Rb1 b6 28. Nf6 c6 29. Kg2 Nc4 30. Kf3 Ne7 31. g4 Ng8 32. Nxg8 Kxg8 33. Kg3 Re8 34. f4 f6 35. a4 Kf7 36. Kh4 Rhg8 37. f5 fxe5 38. Bxh6 e4 39. Be3 Kf6 40. Kg3 Nxe3 41. Rxe3 Rg5 42. Rh1 Reg8 43. Rh4 Rxf5 44. h6 Rfg5 45. h7 Rh8 46. Kf4 Rg6 47. Reh3 1/2-1/2

[Event "Muensterland Regionalliga 1415"]
[Site "Germany"]
[Date "2014.11.22"]
[Round "3.7"]
[White "Schmeing, Walter"]
[Black "Loedding, Detlef"]
[Result "1/2-1/2"]
[WhiteElo "2011"]
[BlackElo "1894"]
[PlyCount "129"]
[EventDate "2014.09.20"]
[EventType "team-tourn"]
[EventRounds "9"]
[EventCountry "GER"]
[SourceTitle "EXT 2016"]
[Source "ChessBase"]
[SourceDate "2015.10.08"]
[SourceVersion "1"]
[SourceVersionDate "2015.10.08"]
[SourceQuality "1"]
[WhiteTeam "Suedlohn"]
[BlackTeam "Duelmen"]
[WhiteTeamCountry "GER"]
[BlackTeamCountry "GER"]

1. e4 c5 2. Nf3 Nc6 3. d4 cxd4 4. Nxd4 g6 5. Nc3 Bg7 6. Be3 Nf6 7. Be2 0-0 8. 0-0 d5 9. exd5 Nb4 10. d6 Qxd6 11. Ncb5 Qb8 12. c4 Bd7 13. Qd2 Nc6 14. h3 Rd8 15. Qc2 e5 16. Nxc6 bxc6 17. Nc3 Bf5 18. Qc1 Qc7 19. b4 Ne4 20. Nxe4 Bxe4 21. Qa3 Bf8 22. Qc3 a5 23. a3 Rdb8 24. c5 Bf5 25. Bc4 Bg7 26. Ra2 axb4 27. axb4 Rxa2 28. Bxa2 Qb7 29. Rd1 h5 30. Bd2 e4 31. Qe3 Rd8 32. Qe2 Qd7 33. Bb3 Qd3 34. Qxd3 exd3 35. Re1 Kf8 36. Kf1 Re8 37. Bc4 Re4 38. Rxe4 Bxe4 39. f3 Bf5 40. g4 Be6 41. Bxd3 hxg4 42. hxg4 Ke8 43. Ke2 Kd7 44. b5 cxb5 45. Bxb5+ Kc8 46. Bf4 Bd4 47. Be3 Bxe3 48. Kxe3 g5 49. Kd4 f6 50. Bc4 Bd7 51. Bd5 Kc7 52. Ke4 Bc8 53. Kd4 Bd7 54. Be4 Be6 55. Bg6 Ba2 56. Be8 Bb3 57. Bb5 Be6 58. Be2 Kc6 59. f4 gxf4 60. Bf3+ Kb5 61. Bd1 Kc6 62. Ba4+ Kc7 63. Bd1 Kc6 64. Be2 Bd5 65. Bd1 1/2-1/2

[Event "Muensterland Regionalliga 1314"]
[Site "Germany"]
[Date "2013.09.07"]
[Round "1.4"]
[White "Loedding, Detlef"]
[Black "Gajic, Goran"]
[Result "1/2-1/2"]
[WhiteElo "1891"]
[BlackElo "1950"]
[PlyCount "74"]
[EventDate "2013.09.07"]
[EventType "team-tourn"]
[EventRounds "9"]
[EventCountry "GER"]
[SourceTitle "EXT 2015"]
[Source "ChessBase"]
[SourceDate "2014.11.20"]
[SourceVersion "1"]
[SourceVersionDate "2014.11.20"]
[SourceQuality "1"]
[WhiteTeam "Duelmen"]
[BlackTeam "Bocholt"]
[WhiteTeamCountry "GER"]
[BlackTeamCountry "GER"]

1. e4 d6 2. f4 g6 3. Nf3 Bg7 4. d4 Nf6 5. e5 Nd5 6. Bc4 c6 7. 0-0 Bg4 8. h3 Bxf3 9. Qxf3 e6 10. c3 Nb6 11. Bb3 d5 12. Nd2 N8d7 13. Bc2 c5 14. a4 cxd4 15. cxd4 Rc8 16. Bd3 Nb8 17. a5 Nc4 18. Bxc4 dxc4 19. Qc3 Nc6 20. Nf3 0-0 21. Ra4 Ne7 22. Rxc4 Rxc4 23. Qxc4 Qxa5 24. Bd2 Qb6 25. Qb4 Nd5 26. Qxb6 Nxb6 27. Rc1 Rc8 28. Rxc8+ Nxc8 29. Bb4 Bf8 30. Bxf8 Kxf8 31. Ng5 h6 32. Ne4 b5 33. Kf2 Nb6 34. Nd6 a6 35. Ke2 Na4 36. b3 Nc3+ 37. Kd2 Nd5 1/2-1/2

[Event "Muensterland Verbandsklasse-B 1112"]
[Site "Germany"]
[Date "2012.03.10"]
[Round "7.8"]
[White "Finke, Tobias"]
[Black "Loedding, Detlef"]
[Result "0-1"]
[WhiteElo "1569"]
[BlackElo "1884"]
[PlyCount "94"]
[EventDate "2011.09.17"]
[EventType "team-tourn"]
[EventRounds "9"]
[EventCountry "GER"]
[SourceTitle "EXT 2013"]
[Source "ChessBase"]
[SourceDate "2012.11.22"]
[SourceVersion "1"]
[SourceVersionDate "2012.11.22"]
[SourceQuality "1"]
[WhiteTeam "Heiden II"]
[BlackTeam "Duelmen"]
[WhiteTeamCountry "GER"]
[BlackTeamCountry "GER"]

1. d4 Nf6 2. c4 g6 3. Nc3 d5 4. Nf3 Bg7 5. Bg5 Ne4 6. cxd5 Nxg5 7. Nxg5 e6 8. Nf3 exd5 9. e3 0-0 10. Bd3 c6 11. 0-0 Nd7 12. b4 Nf6 13. Rc1 Re8 14. b5 Ne4 15. bxc6 bxc6 16. Qc2 Nxc3 17. Qxc3 Bd7 18. Rb1 Rb8 19. Qc5 Qc7 20. Rfc1 Rxb1 21. Rxb1 Bf8 22. Qc3 Bd6 23. h3 Rb8 24. Rb3 Rxb3 25. Qxb3 Kg7 26. Ba6 Bc8 27. Bxc8 Qxc8 28. Qb1 Qa6 29. Qc2 Qb6 30. g3 a5 31. Qa4 Qb5 32. Qc2 a4 33. Nd2 Qe2 34. Qxc6 Bxg3 35. fxg3 Qxe3+ 36. Kf1 Qxd2 37. Qxd5 Qe3 38. Qe5+ Qxe5 39. dxe5 f5 40. exf6+ Kxf6 41. Ke2 Ke5 42. Kd3 Kd5 43. h4 h6 44. g4 Ke5 45. Ke3 a3 46. Kd3 Kf4 47. h5 g5 0-1

[Event "Muensterland Verbandsklasse-B 1112"]
[Site "Germany"]
[Date "2011.10.08"]
[Round "2.7"]
[White "Rudde, Simon"]
[Black "Loedding, Detlef"]
[Result "0-1"]
[WhiteElo "1698"]
[BlackElo "1884"]
[PlyCount "56"]
[EventDate "2011.09.17"]
[EventType "team-tourn"]
[EventRounds "9"]
[EventCountry "GER"]
[SourceTitle "EXT 2013"]
[Source "ChessBase"]
[SourceDate "2012.11.22"]
[SourceVersion "1"]
[SourceVersionDate "2012.11.22"]
[SourceQuality "1"]
[WhiteTeam "Ahaus Wessum"]
[BlackTeam "Duelmen"]
[WhiteTeamCountry "GER"]
[BlackTeamCountry "GER"]

1. e4 c5 2. Nf3 Nc6 3. d4 cxd4 4. Nxd4 g6 5. Be3 Nf6 6. Nc3 Bg7 7. Bc4 Ne5 8. Be2 d6 9. f3 a6 10. Qd2 h5 11. 0-0-0 b5 12. h4 Bd7 13. Nd5 Nxd5 14. exd5 Qc7 15. f4 Nc4 16. Bxc4 Qxc4 17. Nb3 Rc8 18. Bd4 Bxd4 19. Nxd4 Qxa2 20. Qe3 Qa1+ 21. Kd2 Qxb2 22. Ke1 Qc3+ 23. Qxc3 Rxc3 24. Rd2 0-0 25. Kf2 e5 26. fxe5 dxe5 27. Ne2 Rc4 28. Ra1 Ra8 0-1

[Event "Muensterland Verbandsklasse-A 0910"]
[Site "Germany"]
[Date "2010.02.20"]
[Round "7.8"]
[White "Loedding, Detlef"]
[Black "Preuss, Richard"]
[Result "1-0"]
[WhiteElo "1904"]
[BlackElo "1670"]
[PlyCount "55"]
[EventDate "2009.09.19"]
[EventType "team-tourn"]
[EventRounds "9"]
[EventCountry "GER"]
[SourceTitle "EXT 2011"]
[Source "ChessBase"]
[SourceDate "2010.11.26"]
[SourceVersion "1"]
[SourceVersionDate "2010.11.26"]
[SourceQuality "1"]
[WhiteTeam "Duelmen"]
[BlackTeam "Olfen"]
[WhiteTeamCountry "GER"]
[BlackTeamCountry "GER"]

1. e4 e6 2. d3 d5 3. Nd2 Nf6 4. g3 c5 5. Bg2 Nc6 6. Ngf3 Be7 7. 0-0 0-0 8. e5 Nd7 9. Re1 Re8 10. Nf1 f6 11. exf6 Bxf6 12. Ne3 Nde5 13. Nxe5 Nxe5 14. f4 Nc6 15. Kh1 Bd7 16. Ng4 Rc8 17. c3 b6 18. Bd2 d4 19. c4 e5 20. Nxe5 Nxe5 21. fxe5 Rxe5 22. Rxe5 Bxe5 23. Qh5 Bf6 24. Bd5+ Kh8 25. Re1 g6 26. Qf3 Qf8 27. Bh6 Qd6 28. Re6 1-0

[Event "Muensterland Verbandsklasse-A 0910"]
[Site "Germany"]
[Date "2009.11.21"]
[Round "3.8"]
[White "Loedding, Detlef"]
[Black "Aschenbrenner, Guenter"]
[Result "1-0"]
[WhiteElo "1904"]
[BlackElo "1489"]
[PlyCount "75"]
[EventDate "2009.09.19"]
[EventType "team-tourn"]
[EventRounds "9"]
[EventCountry "GER"]
[SourceTitle "EXT 2011"]
[Source "ChessBase"]
[SourceDate "2010.11.26"]
[SourceVersion "1"]
[SourceVersionDate "2010.11.26"]
[SourceQuality "1"]
[WhiteTeam "Duelmen"]
[BlackTeam "Raesfeld Erle"]
[WhiteTeamCountry "GER"]
[BlackTeamCountry "GER"]

1. e4 e5 2. Nf3 Nf6 3. d4 Nxe4 4. Bd3 d5 5. Nxe5 Nd7 6. 0-0 Nxe5 7. dxe5 Bc5 8. Bxe4 dxe4 9. Qxd8+ Kxd8 10. Nc3 Be6 11. Nxe4 Be7 12. Ng5 Ke8 13. Nxe6 fxe6 14. Be3 Kf7 15. Rfd1 Rad8 16. Kf1 Rd5 17. Rxd5 exd5 18. f4 c5 19. Ke2 g6 20. Kf3 Ke6 21. a4 h5 22. b3 Rc8 23. c4 d4 24. Bd2 Rc6 25. Ke4 a6 26. g3 Rc8 27. h3 Rf8 28. Rf1 Bg5 29. g4 hxg4 30. hxg4 Ke7 31. Rh1 Bxf4 32. Bxf4 Ke6 33. Rh6 Rg8 34. Rh7 g5 35. Bd2 b5 36. Rh6+ Kd7 37. Rxa6 bxc4 38. bxc4 1-0

[Event "Muensterland Verbandsklasse-B 0506"]
[Site "Germany"]
[Date "2005.12.10"]
[Round "4.1"]
[White "Loedding, Detlef"]
[Black "Sparwel, Oliver"]
[Result "0-1"]
[WhiteElo "1964"]
[BlackElo "1922"]
[PlyCount "98"]
[EventDate "2005.09.03"]
[EventType "team"]
[EventRounds "9"]
[EventCountry "GER"]
[SourceTitle "EXT 2006"]
[Source "ChessBase"]
[SourceDate "2005.11.24"]
[SourceVersion "1"]
[SourceVersionDate "2005.11.24"]
[SourceQuality "1"]
[WhiteTeam "Duelmen"]
[BlackTeam "Suedlohn II"]
[WhiteTeamCountry "GER"]
[BlackTeamCountry "GER"]

1. Nf3 d6 2. d4 c6 3. e4 Bg4 4. h3 Bxf3 5. Qxf3 e5 6. Bc4 Qf6 7. dxe5 Qxf3 8. gxf3 dxe5 9. f4 Nd7 10. fxe5 Nxe5 11. Be2 Nf6 12. f4 Ng6 13. e5 Nd5 14. 0-0 Bc5+ 15. Kh2 Be3 16. Nc3 Bxf4+ 17. Bxf4 Ndxf4 18. Bc4 Ne6 19. Ne4 Nxe5 20. Bxe6 fxe6 21. Nc5 0-0-0 22. Rae1 Rd2+ 23. Kg3 Nd7 24. Nxd7 Kxd7 25. Rf7+ Kd6 26. Rxb7 Rxc2 27. Rf1 Re8 28. Rff7 e5 29. Rxg7 e4 30. Rgd7+ Ke5 31. Rxh7 Kd4 32. h4 a5 33. h5 Rg8+ 34. Rbg7 Rxg7+ 35. Rxg7 Rxb2 36. h6 Rb1 37. Kg2 Rb5 38. h7 Rh5 39. Kf2 c5 40. Rd7+ Kc3 41. Ke3 Rh4 42. Rb7 c4 43. a4 Kc2 44. Rb5 Rxh7 45. Rxa5 Rd7 46. Rc5 c3 47. a5 Kb2 48. Kxe4 c2 49. Rb5+ Kc1 0-1

[Event "Muensterland Verbandsklasse-B 0506"]
[Site "Germany"]
[Date "2005.11.05"]
[Round "2.1"]
[White "Loedding, Detlef"]
[Black "Beutelhoff, Josef"]
[Result "1/2-1/2"]
[WhiteElo "1964"]
[BlackElo "2182"]
[PlyCount "59"]
[EventDate "2005.09.03"]
[EventType "team"]
[EventRounds "9"]
[EventCountry "GER"]
[SourceTitle "EXT 2006"]
[Source "ChessBase"]
[SourceDate "2005.11.24"]
[SourceVersion "1"]
[SourceVersionDate "2005.11.24"]
[SourceQuality "1"]
[WhiteTeam "Duelmen"]
[BlackTeam "Luedinghausen"]
[WhiteTeamCountry "GER"]
[BlackTeamCountry "GER"]

1. d4 Nf6 2. Nf3 e6 3. g3 b6 4. Bg2 Bb7 5. 0-0 c5 6. e3 Be7 7. c4 0-0 8. Nc3 d6 9. b3 Nbd7 10. Bb2 a6 11. Qe2 Ne4 12. Rad1 f5 13. Nd2 Nxc3 14. Bxc3 Bxg2 15. Kxg2 Qc7 16. Kg1 Bf6 17. Qd3 g6 18. Rfe1 Rad8 19. d5 Bxc3 20. Qxc3 exd5 21. cxd5 Nf6 22. e4 Qf7 23. Qf3 fxe4 24. Nxe4 Nxe4 25. Qxf7+ Kxf7 26. Rxe4 Rfe8 27. Rde1 Rxe4 28. Rxe4 Re8 29. Rxe8 Kxe8 30. f4 1/2-1/2

[Event "Muensterland op 23rd"]
[Site "Senden"]
[Date "2005.10.02"]
[Round "1"]
[White "Kummerow, Heiko"]
[Black "Loedding, Detlef"]
[Result "1-0"]
[WhiteElo "2296"]
[BlackElo "1964"]
[PlyCount "129"]
[EventDate "2005.10.02"]
[EventType "swiss"]
[EventRounds "9"]
[EventCountry "GER"]
[SourceTitle "CBM 108 Extra"]
[Source "ChessBase"]
[SourceDate "2005.11.04"]
[SourceVersion "1"]
[SourceVersionDate "2005.11.04"]
[SourceQuality "1"]

1. e4 c5 2. Nf3 Nc6 3. d4 cxd4 4. Nxd4 g6 5. c4 Nf6 6. Nc3 d6 7. Be2 Nxd4 8. Qxd4 Bg7 9. Be3 0-0 10. Qd2 Qa5 11. f3 Be6 12. Rc1 Rfc8 13. b3 a6 14. Na4 Qxd2+ 15. Kxd2 Nd7 16. g4 Rcb8 17. Nc3 b5 18. Nd5 bxc4 19. Bxc4 Ne5 20. Ke2 Nxc4 21. Rxc4 Bxd5 22. exd5 Rc8 23. Rhc1 Rxc4 24. Rxc4 f5 25. g5 Kf7 26. Kd3 Rb8 27. Ra4 Ra8 28. b4 Rb8 29. a3 Rb5 30. Kc4 e6 31. dxe6+ Kxe6 32. Rxa6 Rd5 33. Ra7 Bb2 34. b5 f4 35. Bxf4 Rd4+ 36. Kb3 Bxa3 37. Kxa3 Rxf4 38. Rxh7 Rxf3+ 39. Kb4 Rf1 40. Rg7 Rb1+ 41. Kc4 Rc1+ 42. Kd4 Rd1+ 43. Ke4 d5+ 44. Kf4 Rd4+ 45. Ke3 Re4+ 46. Kd3 Rb4 47. Rxg6+ Kf5 48. Rg8 Rxb5 49. h4 Rb3+ 50. Kc2 Rg3 51. Kd2 Rg4 52. Rh8 Re4 53. Rh6 Rg4 54. Kd3 Ra4 55. g6 Rg4 56. h5 Kf6 57. Rh7 Ke5 58. g7 Rg3+ 59. Ke2 d4 60. h6 d3+ 61. Kd2 Kd4 62. Rh8 Rg2+ 63. Ke1 d2+ 64. Kd1 Ke3 65. g8Q 1-0

[Event "Muensterland Verbandsklasse-B 0506"]
[Site "Germany"]
[Date "2005.09.03"]
[Round "1.1"]
[White "Wilger, Frank"]
[Black "Loedding, Detlef"]
[Result "1-0"]
[WhiteElo "2064"]
[BlackElo "1964"]
[PlyCount "75"]
[EventDate "2005.09.03"]
[EventType "team"]
[EventRounds "9"]
[EventCountry "GER"]
[SourceTitle "EXT 2006"]
[Source "ChessBase"]
[SourceDate "2005.11.24"]
[SourceVersion "1"]
[SourceVersionDate "2005.11.24"]
[SourceQuality "1"]
[WhiteTeam "Raesfeld Erle"]
[BlackTeam "Duelmen"]
[WhiteTeamCountry "GER"]
[BlackTeamCountry "GER"]

1. d4 Nf6 2. Nf3 g6 3. g3 Bg7 4. Bg2 0-0 5. 0-0 d6 6. Re1 Nbd7 7. e4 e5 8. c3 Re8 9. Qc2 c6 10. h3 Qc7 11. Be3 d5 12. exd5 Nxd5 13. Bd2 Qd8 14. c4 N5b6 15. Bg5 f6 16. Be3 e4 17. Nfd2 f5 18. Nc3 Nf8 19. c5 Nd5 20. Nc4 Ne6 21. Nd6 Re7 22. Nxd5 cxd5 23. Qb3 Bxd4 24. Bxd4 Nxd4 25. Qxd5+ Ne6 26. b4 Qf8 27. f3 exf3 28. Bxf3 Qf6 29. Re5 Kf8 30. Nxf5 Rd7 31. Nd6 Nc7 32. Qe4 Re7 33. Rxe7 Qxe7 34. Qxe7+ Kxe7 35. Re1+ Kf6 36. Ne8+ Nxe8 37. Rxe8 h5 38. Bd5 1-0